Time's 100 Best Young-Adult Books Quiz Stats

 Plays Quiz not verified by Sporcle

Challenge
Share
Tweet
Embed
Score 0/100 Timer 10:00
0 Plays Today
Author Book % Correct
J.K. RowlingHarry Potter
98.4%
J.R.R. TolkienThe Lord of the Rings
80.6%
C.S. LewisThe Chronicles of Narnia
73.3%
J.R.R. TolkienThe Hobbit
71.9%
Harper LeeTo Kill a Mockingbird
71.8%
Suzanne CollinsThe Hunger Games
69.8%
Stephenie MeyerTwilight
68.3%
Anne FrankThe Diary of Anne Frank
67.9%
Lemony SnicketA Series of Unfortunate Events
62.3%
Roald DahlCharlie and the Chocolate Factory
61.6%
E.B. WhiteCharlotte's Web
59.1%
J.D. SalingerThe Catcher in the Rye
58.1%
Lewis CarrollAlice's Adventures in Wonderland
57.9%
Roald DahlMatilda
56.4%
Louisa May AlcottLittle Women
54.9%
Mark TwainThe Adventures of Huckleberry Finn
54%
William GoldingLord of the Flies
51.7%
Laura Ingalls WilderLittle House on the Prairie
50.5%
John GreenThe Fault in our Stars
47.8%
Jack LondonThe Call of the Wild
45.1%
Lois LowryThe Giver
44.9%
Madeleine L'EngleA Wrinkle in Time
43.7%
L. Frank BaumThe Wizard of Oz
42.7%
Philip PullmanThe Golden Compass
38.9%
Lucy Maud MontgomeryAnne of Green Gables
37%
Louis SacharHoles
36.5%
S.E. HintonThe Outsiders
35.6%
Markus ZusakThe Book Thief
34.2%
Rick RiordanPercy Jackson and the Olympians
33.7%
Judy BlumeAre You There, God? It's Me, Margaret
31.5%
John GreenLooking for Alaska
29.2%
P.L. TraversMary Poppins
23.6%
Edgar Rice BurroughsTarzan of the Apes
22.7%
Kenneth GrahameThe Wind in the Willows
22.3%
Author Book % Correct
Gary PaulsenHatchet
22.2%
Lois LowryNumber the Stars
17.8%
William GoldmanThe Princess Bride
15.1%
Katherine PatersonBridge to Terabithia
14.9%
Norton JusterThe Phantom Tollbooth
14.3%
E.L. KonigsburgFrom the Mixed-Up Files of Mrs. Basil E. Frankweiler
13.4%
Laurie Halse AndersonSpeak
12%
Sherman AlexieAbsolutely True Diary of a Part-Time Indian
11.8%
John KnowlesA Separate Peace
11.6%
Mark HaddonThe Curious Incident of the Dog in the Night-Time
11.2%
Neil GaimanThe Graveyard Book
11%
Walter Dean MyersMonster
10.8%
Robert CormierThe Chocolate War
9.8%
Pseudonymous BoschSecret
9.7%
R.J. PalacioWonder
9%
Mildred D. TaylorRoll of Thunder, Hear My Cry
8.9%
Roald DahlDanny the Champion of the World
8.4%
Jennifer DonnellyA Northern Light
7.9%
T.H. WhiteThe Sword in the Stone
7.4%
Beverly ClearyBeezus and Ramona
7.4%
Ellen RaskinThe Westing Game
7.3%
Andrew ClementsFrindle
7.3%
Louise FitzhughHarriet the Spy
7.1%
Garth NixSabriel
6.9%
Patrick NessThe Knife of Never Letting Go
6.5%
Ursula K. Le GuinA Wizard of Earthsea
6.3%
Patrick NessA Monster Calls
5.4%
David LevithanEvery Day
5.2%
Cornelia FunkeThe Thief Lord
5.1%
Elizabeth George SpearThe Witch of Blackbird Pond
5%
Katherine PatersonJacob Have I Loved
4.9%
Marjorie Kinnan RawlingsThe Yearling
4.8%
Paul ZindelThe Pigman
4.8%
M.T. AndersonFeed
4.4%
Author Book % Correct
Michael MorpurgoPrivate Peaceful
4%
Esther ForbesJohnny Tremain
3.8%
Ray BradburyThe Illustrated Man
3.7%
Pam Muñoz RyanEsperanza Rising
3.2%
Lloyd AlexanderThe Chronicles of Prydain
3%
Kate DiCamilloThe Miraculous Journey of Edward Tulane
2.9%
Gene Luen YangAmerican Born Chinese
2.7%
Trenton Lee StewartThe Mysterious Benedict Society
2.6%
Brian SelznickThe Invention of Hugo Cabret
2.6%
Rebecca SteadWhen You Reach Me
2.3%
Michael ScottThe Alchemyst: The Secrets of the Immortal Nicholas Flamel
2.3%
John Corey WhaleyWhere Things Come Back
2.2%
Kate DeCamilloThe Tiger Rising
2.2%
Walter Dean MyersFallen Angels
2%
Susan CooperThe Grey King
2%
Robert C. O'BrienMrs. Frisby and the Rats of NIMH
1.8%
Gene Luen YangBoxers and Saints
1.7%
Craig ThompsonBlankets
1.4%
Peter SisThe Wall: Growing Up Behind the Iron Curtain
1.3%
Isabel AllendeCity of the Beasts
1.3%
Diana Wynne JonesDogsbody
1.3%
Francesca Lia BlockDangerous Angels
1.3%
Jodi Lynn AndersonTiger Lily
1.2%
Cecil CastellucciBoy Proof
1.1%
Chris CrutcherWhale Talk
1.1%
Hilary MckaySaffy's Angel
1%
Kimberly Brubaker BradleyFor Freedom: The Story of a French Spy
0.8%
Marilyn NelsonA Wreath for Emmett Till
0.8%
Watt KeyAlabama Moon
0.8%
Richard HughesA High Wind in Jamaica
0.8%
Frances HardingeThe Lost Conspiracy
0.7%
Edgar Allan PoeTales of Mystery and Imagination
0.6%

You're not logged in!

Compare scores with friends on all Sporcle quizzes.
Join for Free
OR
Log In

You Might Also Like...

Show Comments

Extras

Top Quizzes Today


Score Distribution

Your Account Isn't Verified!

In order to create a playlist on Sporcle, you need to verify the email address you used during registration. Go to your Sporcle Settings to finish the process.

Report this User

Report this user for behavior that violates our Community Guidelines.

Details: